000 01642nam a22003017a 4500
001 5157
003 FISKH
005 20241108092310.0
008 241108b cb ||||| |||| 00| 0 eng d
020 _a9780515158434
040 _aFISKH
_beng
_cFISKH
_dFISKH
050 _aGV1853.F62
082 _a791.06
100 _aHolub, Joan
_d(1956-)
245 _aWhere is walt disney world?
_cby Joan Holub illustrated by Gregory Copeland
250 _a2018
260 _aNew York :
_bPenguin,
_c2018.
300 _a108 pages :
_bIllustrations ;
_c20 cm
505 _aS
520 _a"Building the most magical place on earth was no fairy tale. Learn the story behind the creation of Walt Disney World. In 1964, when Walt Disney and his brother Roy decided to build a second theme park in the Florida swamplands, they kept it super hush-hush. Why? Well, if word got out that they planned to buy up lots of land, the price would have skyrocketed. So the Disneys cleverly covered up their trail, avoiding the Orlando Airport and even using made-up names, like Walt and Roy Davis, for their flights. The deception worked. In covering the history of the "Most Magical Place On Earth," Joan Holub takes readers both behind the scenes and underneath the park (there are secret employee-only tunnels that form one big circle under the Magic Kingdom). Loaded with fun facts, this book is a great companion to Who Was Walt Disney?"--
521 8 _a990L
_bLexile
521 8 _aS
_bRaz-Plus
650 _2Geography
_aFlorida
650 _2History
_aDisney
700 _aCopeland, Gregory
_dIllustrator
942 _2ddc
_cBK
_n0
999 _c5157
_d5157